Ni veto ni bloqueo.

Bibliographic Details
Main Author: Meza San Martín, Vally
Format: Analitica de revista
Language:Spanish
Published: Santiago, Chile CPU 1974
Subjects:

MARC

LEADER 00000cab a2200000 a 4500
001 032169
003 UAHC_CL
005 20170803123448.0
008 011204b xx j 000 1 spa
040 |a UAHC_CL  |c UAHC_CL  |d UAHC_CL 
100 1 |a Meza San Martín, Vally 
245 1 0 |a Ni veto ni bloqueo. 
260 |b CPU  |c 1974  |a Santiago, Chile 
650 4 |a ECONOMIA 
759 |a PP070 
773 0 |t Estudios sociales  |w 032165 
900 |a ESTUD. SOC.-03/74 
942 |c REVA 
952 |0 0  |1 0  |4 0  |6 ESTUD___SOC_03_74_000000000000000  |7 0  |8 General  |9 62583  |a BC  |b BC  |c General  |d 2017-08-03  |l 0  |o ESTUD. SOC.-03/74  |p FICTICIO2938  |r 2019-01-08 00:00:00  |t 1  |w 2017-08-03  |y REVA 
999 |c 32169  |d 32169